Statystyki dla Top 20 zawodników CS:GO rankingu HLTV w 2019 roku

Kliknij tutaj aby rozwiązać quiz!

Ogólne statystyki

  • Ten quiz został rozwiązany 179 razy
  • Średni wynik to 14 z 20

Statystyki odpowiedzi

MiejsceDrużynaNick gracza% Poprawnych
#2Natus Vinceres1mple
95%
#3Astralisdevice
91%
#1Team VitalityZywOo
90%
#11FaZe ClanNiKo
85%
#5AstralisMagisk
81%
#6Natus Vincereelectronic
77%
#16Astralisdupreeh
76%
#10Mousesportsropz
75%
#4Team LiquidEliGE
70%
#17FnaticKRIMZ
68%
#14AstralisXyp9x
67%
#7Team LiquidNAF
64%
#19FnaticBrollan
62%
#9Team LiquidTwistzz
61%
#18Evil GeniusesCeRq
55%
#15100 Thievesjks
52%
#8Evil GeniusesBrehze
51%
#12Mousesportswoxic
48%
#13ENCEsergej
47%
#20Evil GeniusesEthan
45%

Rozkład punktacji

Percentyl według liczby udzielonych odpowiedzi

Procent ludzi z każdym wynikiem

Twoja historia wyników

Nie rozwiązałeś tego quizu